[Event "1617LLO"]
[Site "Mecklenburg-Vorpommern"]
[Date "2017.02.26"]
[Round "6.4"]
[White "Vlach, Michael"]
[Black "Schulz, Wolf Detlef"]
[Result "0-1"]
[WhiteElo "1583"]
[BlackElo "1723"]
[PlyCount "80"]
[EventDate "2016.11.06"]
[EventType "team-tourn"]
[EventRounds "9"]
[SourceDate "2016.10.16"]
[WhiteTeam "FHSG Stralsund II"]
[BlackTeam "SSC Graal-Mueritz"]

1. d4 Nf6 2. c4 e5 3. d5 Bc5 4. e3 d6 5. a3 a5 6. Nc3 Bf5 7. Nge2 Bg4 8. Qd3
Nbd7 9. f3 Bh5 10. e4 O-O 11. Ng3 Bg6 12. Be3 Nh5 13. Nxh5 Bxh5 14. Qd2 f5 15.
exf5 Rxf5 16. Bd3 Rf8 17. O-O-O Qe8 18. Rde1 Bxe3 19. Rxe3 Nc5 20. Bc2 Bg6 21.
Nb5 Rc8 22. Rg1 Rf4 23. b3 a4 24. g3 Rf6 25. b4 Nb3+ 26. Bxb3 axb3 27. Rxb3 c6
28. Nc3 Rxf3 29. Kb2 Bf7 30. Re1 cxd5 31. cxd5 Bg6 32. Ne4 Qf8 33. Rxf3 Qxf3
34. Nc3 Rc4 35. Re3 Qf5 36. Kb3 b5 37. Nxb5 Rc2 38. Qd1 Rxh2 39. Nxd6 Qf2 40.
Nc4 $4 (40. Rc3 $11) 40... Bc2+ 0-1

[Event "1617LLO"]
[Site "Mecklenburg-Vorpommern"]
[Date "2017.02.26"]
[Round "6.5"]
[White "Poppe, Thomas"]
[Black "Klinger, Clemens"]
[Result "1-0"]
[WhiteElo "1708"]
[BlackElo "1566"]
[PlyCount "55"]
[EventDate "2016.11.06"]
[EventType "team-tourn"]
[EventRounds "9"]
[SourceDate "2016.10.16"]
[WhiteTeam "SSC Graal-Mueritz"]
[BlackTeam "FHSG Stralsund II"]

1. d4 d5 2. c4 c6 3. Nc3 Nf6 4. Nf3 Bf5 5. Bf4 dxc4 6. e3 b5 7. a4 Na6 8. axb5
Nb4 9. Bxc4 Nc2+ 10. Ke2 Nd5 11. Bxd5 cxd5 12. Rc1 Qc8 13. Rxc2 Qc4+ 14. Ke1
Bxc2 15. Qxc2 f6 16. Nd2 Qc8 17. Qa4 Qd7 18. Ke2 e5 19. dxe5 Bc5 20. e6 Qxe6
21. b6+ Kf7 22. b7 Rab8 23. Bxb8 Rxb8 24. Qb3 d4 25. Qxe6+ Kxe6 26. Na4 dxe3
27. Nxc5+ Kd5 28. Ndb3 1-0

[Event "1617LLO"]
[Site "Mecklenburg-Vorpommern"]
[Date "2017.02.26"]
[Round "6.6"]
[White "Jabbusch, Burkhard"]
[Black "Micheel, Peter"]
[Result "0-1"]
[WhiteElo "1587"]
[BlackElo "1697"]
[PlyCount "110"]
[EventDate "2016.11.06"]
[EventType "team-tourn"]
[EventRounds "9"]
[SourceDate "2016.10.16"]
[WhiteTeam "FHSG Stralsund II"]
[BlackTeam "SSC Graal-Mueritz"]

1. f4 d5 2. Nf3 c5 3. e3 Nf6 4. g3 e6 5. Bg2 Nc6 6. O-O Be7 7. d3 O-O 8. Nbd2
b6 9. e4 dxe4 10. dxe4 Bb7 11. h3 Qc7 12. Re1 Rad8 13. c3 e5 14. f5 Ba6 15. Qa4
Bd3 16. Bf1 Bxf1 (16... b5 17. Qb3 Na5 18. Qd1 Bxe4) 17. Rxf1 Rd7 18. Qc2 Rfd8
19. Kg2 Ne8 20. Nc4 b5 21. Ne3 Nf6 22. Ng4 Nxg4 23. hxg4 Qd6 24. Be3 Qd3 25.
Qxd3 Rxd3 26. Rae1 f6 27. Kf2 a5 28. Ke2 a4 29. Rd1 Rxd1 30. Rxd1 Rxd1 31. Kxd1
Na5 32. Nd2 Nc4 33. Nxc4 bxc4 34. Kc2 Kf7 35. b3 axb3+ 36. axb3 Ke8 37. bxc4
Kd7 38. Kb3 Kc6 39. Bc1 Kb6 40. Kc2 h6 41. Kd3 Ka5 42. Ke2 Ka4 43. Kf3 Kb3 44.
Bd2 Kxc4 45. Ke2 Bd8 46. Be3 Ba5 47. Kd2 Bxc3+ 48. Kc2 Bd4 49. Bd2 Bf2 50. Ba5
Bxg3 51. Bd8 Kd4 52. Be7 Bf4 53. Bf8 Kxe4 54. Bxc5 Kf3 55. Kd3 e4+ 0-1

[Event "1617LLO"]
[Site "Mecklenburg-Vorpommern"]
[Date "2017.02.26"]
[Round "6.8"]
[White "Isigkeit, Hans Juergen"]
[Black "Kraemer, Lothar"]
[Result "1-0"]
[WhiteElo "1518"]
[BlackElo "1153"]
[PlyCount "47"]
[EventDate "2016.11.06"]
[EventType "team-tourn"]
[EventRounds "9"]
[SourceDate "2016.10.16"]
[WhiteTeam "FHSG Stralsund II"]
[BlackTeam "SSC Graal-Mueritz"]

1. d4 Nf6 2. c4 g6 3. Nc3 e5 4. dxe5 Ng4 5. Nf3 Nc6 6. e3 Ngxe5 7. Nxe5 Nxe5 8.
Be2 Bg7 9. O-O O-O 10. Bd2 d6 11. f4 Nc6 12. a3 a6 13. b4 Be6 14. Rc1 Qe7 15.
Nd5 Qd8 16. Bc3 Bxc3 17. Rxc3 Ne7 18. Nf6+ Kh8 19. e4 Ng8 20. Nxg8 Kxg8 21. f5
Qf6 22. Rg3 Bd7 23. fxg6 Qg7 24. gxh7+ 1-0

[Event "1617LLO"]
[Site "Mecklenburg-Vorpommern"]
[Date "2017.03.19"]
[Round "7.1"]
[White "Burwitz, Joerg"]
[Black "Luethke, Hans Eckart"]
[Result "1/2-1/2"]
[WhiteElo "1753"]
[BlackElo "2099"]
[PlyCount "61"]
[EventDate "2016.11.06"]
[EventType "team-tourn"]
[EventRounds "9"]
[SourceDate "2016.10.16"]
[WhiteTeam "RUGIA Bergen"]
[BlackTeam "SSC Graal-Mueritz"]

1. d4 Nf6 2. Nf3 c5 3. c3 e6 4. Bg5 h6 5. Bxf6 Qxf6 6. e3 b6 7. Nbd2 Qd8 8. Bd3
Be7 9. O-O Bb7 10. dxc5 bxc5 11. c4 Qb6 12. Qe2 Nc6 13. b3 Nb4 14. e4 d6 15. a3
Nc6 16. Rfd1 Bf6 17. Rab1 a5 18. Qe3 Qc7 19. Nf1 Ne5 20. Nxe5 Bxe5 21. Ng3 Bd4
22. Qd2 O-O 23. Ne2 Bf6 24. Nc3 Bxc3 25. Qxc3 Bc6 26. Bc2 Rfd8 27. Rd2 Rd7 28.
Rbd1 Rad8 29. Qd3 g6 30. Qg3 Kh7 31. h4 1/2-1/2

[Event "1617LLO"]
[Site "Mecklenburg-Vorpommern"]
[Date "2017.03.19"]
[Round "7.2"]
[White "Laser, Dirk"]
[Black "Pawlick, Helmut"]
[Result "0-1"]
[WhiteElo "1805"]
[BlackElo "1830"]
[PlyCount "52"]
[EventDate "2016.11.06"]
[EventType "team-tourn"]
[EventRounds "9"]
[SourceDate "2016.10.16"]
[WhiteTeam "SSC Graal-Mueritz"]
[BlackTeam "RUGIA Bergen"]

1. e4 e5 2. f4 d5 3. exd5 e4 4. d3 Bf5 5. Nc3 Nf6 6. Qe2 Bb4 7. Bd2 O-O 8. dxe4
Bxc3 9. Bxc3 Nxe4 10. Bd4 c5 11. Be3 Nd7 12. O-O-O Nd6 13. Nf3 b5 14. Ne5 Re8
15. g4 Be4 16. Bg2 f6 17. Nc6 Qb6 18. Bxe4 Rxe4 19. Qf3 Qa6 20. Kb1 Ra4 21. a3
b4 22. Qf1 Nb5 23. Qd3 c4 24. Qe4 Rxa3 25. Qe6+ Kh8 26. Kc1 c3 0-1

[Event "1617LLO"]
[Site "Mecklenburg-Vorpommern"]
[Date "2017.03.19"]
[Round "7.3"]
[White "Tabbert, Dirk"]
[Black "Schumann, Lutz"]
[Result "0-1"]
[WhiteElo "1642"]
[BlackElo "1764"]
[PlyCount "80"]
[EventDate "2016.11.06"]
[EventType "team-tourn"]
[EventRounds "9"]
[SourceDate "2016.10.16"]
[WhiteTeam "RUGIA Bergen"]
[BlackTeam "SSC Graal-Mueritz"]

1. c4 Nf6 2. Nc3 g6 3. g3 Bg7 4. Bg2 d6 5. e4 e5 6. Nge2 Be6 7. d3 Qd7 8. O-O
O-O 9. Qb3 c6 10. Qa3 Na6 11. b4 Nc7 12. Rb1 a6 13. Na4 Qe7 14. Nb6 Rad8 15. h3
Nd7 16. Be3 Na8 17. Nxd7 Qxd7 18. Kh2 d5 19. exd5 cxd5 20. c5 Nc7 21. f4 d4 22.
Bd2 Nd5 23. Rf3 f5 24. fxe5 Bxe5 25. Nf4 Bf7 26. Nxd5 Bxd5 27. Rf2 Bxg2 28.
Kxg2 Rfe8 29. Re1 Qd5+ 30. Kh2 Bxg3+ 31. Kxg3 Rxe1 32. Bxe1 Qe5+ 33. Kg2 Qxe1
34. Qb3+ Kg7 35. a4 Qe5 36. Qc2 Re8 37. b5 axb5 38. axb5 Qd5+ 39. Kh2 Re1 40.
Kg3 Re3+ 0-1

[Event "1617LLO"]
[Site "Mecklenburg-Vorpommern"]
[Date "2017.03.19"]
[Round "7.4"]
[White "Schulz, Wolf Detlef"]
[Black "Scheel, Manfred"]
[Result "1-0"]
[WhiteElo "1723"]
[BlackElo "1676"]
[PlyCount "43"]
[EventDate "2016.11.06"]
[EventType "team-tourn"]
[EventRounds "9"]
[SourceDate "2016.10.16"]
[WhiteTeam "SSC Graal-Mueritz"]
[BlackTeam "RUGIA Bergen"]

1. e4 e5 2. Bc4 Nf6 3. Nc3 Be7 4. Nf3 Nc6 5. d4 exd4 6. Nxd4 Nxd4 7. Qxd4 d6 8.
Bf4 O-O 9. O-O-O Be6 10. e5 Bxc4 11. Qxc4 Ne8 12. Ne4 Rc8 13. Rd3 a6 14. Rhd1
h6 15. Rg3 h5 16. Qb3 Qd7 17. Qd3 Qe6 18. Ng5 Bxg5 19. Rxg5 dxe5 20. Rxh5 Qg6
21. Qh3 f6 22. Rh8+ 1-0

[Event "1617LLO"]
[Site "Mecklenburg-Vorpommern"]
[Date "2017.03.19"]
[Round "7.5"]
[White "Jepp, Wolfgang"]
[Black "Micheel, Peter"]
[Result "1/2-1/2"]
[WhiteElo "1501"]
[BlackElo "1697"]
[PlyCount "61"]
[EventDate "2016.11.06"]
[EventType "team-tourn"]
[EventRounds "9"]
[SourceDate "2016.10.16"]
[WhiteTeam "RUGIA Bergen"]
[BlackTeam "SSC Graal-Mueritz"]

1. e4 e6 2. d4 d5 3. exd5 exd5 4. Bd3 Bd6 5. Ne2 Nf6 6. O-O O-O 7. Re1 Bg4 8.
f3 Bh5 9. Bf4 Bg6 10. Bxd6 Qxd6 11. c3 Nbd7 12. Qc2 Rfe8 13. Bxg6 hxg6 14. Nd2
Re7 15. Ng3 Rae8 16. Rxe7 Qxe7 17. Ndf1 c6 18. Qd2 Nb6 19. b3 Nc8 20. Kf2 Nd6
21. Re1 Qxe1+ 22. Qxe1 Rxe1 23. Kxe1 Nh5 24. Kd2 Nf4 25. Ne3 Kf8 26. Ne2 Ne6
27. Kd3 Ke7 28. c4 dxc4+ 29. bxc4 Nf5 30. g3 Nxe3 31. Kxe3 1/2-1/2

[Event "1617LLO"]
[Site "Mecklenburg-Vorpommern"]
[Date "2017.03.19"]
[Round "7.6"]
[White "Rath, Wolfgang"]
[Black "Feldt, Horst"]
[Result "1/2-1/2"]
[WhiteElo "1655"]
[BlackElo "1580"]
[PlyCount "82"]
[EventDate "2016.11.06"]
[EventType "team-tourn"]
[EventRounds "9"]
[SourceDate "2016.10.16"]
[WhiteTeam "SSC Graal-Mueritz"]
[BlackTeam "RUGIA Bergen"]

1. e4 d5 2. exd5 Nf6 3. Nc3 Nxd5 4. Nxd5 Qxd5 5. Qf3 c6 6. Qxd5 cxd5 7. d4 Bf5
8. c3 e6 9. Bb5+ Nc6 10. Bf4 a6 11. Bxc6+ bxc6 12. Nf3 Rc8 13. O-O Be7 14. Rfe1
O-O 15. Re5 Bf6 16. Re3 Rfd8 17. b4 h6 18. h3 Re8 19. a4 Ra8 20. a5 Rac8 21.
Rae1 Bc2 22. Ne5 Bxe5 23. Rxe5 Kh7 24. f3 Rg8 25. h4 g6 26. g4 Kg7 27. Kf2 Rge8
28. R5e3 Rg8 29. Be5+ Kh7 30. g5 h5 31. Bf6 Rc7 32. Kg3 Rgc8 33. Kf4 Kg8 34.
R3e2 Bd3 35. Rd2 Bc4 36. Ke5 Rd7 37. Kf4 Rb8 38. Ke3 Re8 39. Be5 Kf8 40. Bg3
Kg8 41. Kf4 Kf8 1/2-1/2

[Event "1617LLO"]
[Site "Mecklenburg-Vorpommern"]
[Date "2017.03.19"]
[Round "7.7"]
[White "Steinbrecher, Marco"]
[Black "Kundt, Guenther"]
[Result "1-0"]
[WhiteElo "1429"]
[BlackElo "1566"]
[PlyCount "87"]
[EventDate "2016.11.06"]
[EventType "team-tourn"]
[EventRounds "9"]
[SourceDate "2016.10.16"]
[WhiteTeam "RUGIA Bergen"]
[BlackTeam "SSC Graal-Mueritz"]

1. e4 c5 2. Nf3 Nc6 3. d4 cxd4 4. Nxd4 Nf6 5. Nc3 g6 6. f3 Bg7 7. Be3 d6 8. Qd2
O-O 9. O-O-O Bd7 10. Be2 Qa5 11. Nb3 Qc7 12. h4 Ne5 13. g4 h5 14. gxh5 Nxh5 15.
Bh6 Be6 16. Bxg7 Kxg7 17. Nd4 Bc4 18. Rdg1 e6 19. f4 Bxe2 20. fxe5 Ba6 21. Qg5
Rh8 22. Nxe6+ fxe6 23. Qxg6+ Kf8 24. Rf1+ Ke7 25. Rf7+ Kd8 26. Rxc7 Kxc7 27.
Qf7+ Kc6 28. Qxe6 Rad8 29. Rd1 Kc7 30. exd6+ Kb8 31. d7 b6 32. Qd6+ Ka8 33. Nd5
Rh7 34. Nc7+ Kb7 35. Nxa6 Kxa6 36. e5 Nf4 37. e6 Nxe6 38. Qd3+ Kb7 39. Qxh7 Nc5
40. Qe7 Kc7 41. Qd6+ Kb7 42. b4 Na6 43. c3 Nc7 44. Qf6 1-0

[Event "1617LLO"]
[Site "Mecklenburg-Vorpommern"]
[Date "2017.03.19"]
[Round "7.2"]
[White "Hammel, Ralf"]
[Black "Manke, Karsten"]
[Result "1-0"]
[WhiteElo "1928"]
[BlackElo "1746"]
[PlyCount "69"]
[EventDate "2016.11.06"]
[EventType "team-tourn"]
[EventRounds "9"]
[SourceDate "2016.10.16"]
[WhiteTeam "HSG Uni Rostock"]
[BlackTeam "FHSG Stralsund II"]

1. e4 d5 2. exd5 Nf6 3. Bb5+ c6 4. dxc6 bxc6 5. Bc4 e5 6. d3 Bc5 7. Nf3 Qc7 8.
Qe2 e4 9. Nc3 O-O 10. Nxe4 Nxe4 11. Qxe4 Ba6 12. O-O Bxc4 13. Qxc4 Nd7 14. Bf4
Qb6 15. d4 Be7 16. Qb3 Qa6 17. c4 Nb6 18. Rac1 Rac8 19. a3 Rfd8 20. Qc3 Bf6 21.
Be5 Be7 22. Rfe1 Bf8 23. b4 f6 24. Bf4 Rd7 25. Qb3 Kh8 26. h3 Rcd8 27. Be3 Be7
28. Nd2 Bf8 29. Ne4 Na4 30. Nc3 Nb6 31. Ne4 Na4 32. Rc2 Nb6 33. Ra1 Qb7 34. Rb1
a6 35. Nc5 1-0

[Event "1617LLO"]
[Site "Mecklenburg-Vorpommern"]
[Date "2017.03.19"]
[Round "7.3"]
[White "Vietinghoff, Klaus"]
[Black "Schwetlick, Thomas"]
[Result "0-1"]
[WhiteElo "1707"]
[BlackElo "1830"]
[PlyCount "34"]
[EventDate "2016.11.06"]
[EventType "team-tourn"]
[EventRounds "9"]
[SourceDate "2016.10.16"]
[WhiteTeam "FHSG Stralsund II"]
[BlackTeam "HSG Uni Rostock"]

1. f4 e5 2. fxe5 d6 3. exd6 Bxd6 4. Nf3 g5 5. g3 g4 6. Nh4 Ne7 7. d4 Ng6 8.
Nxg6 hxg6 9. Qd3 Nc6 10. c3 Bf5 11. e4 Qe7 12. Bg2 O-O-O 13. O-O Ne5 14. Qc2
Rxh2 15. Kxh2 Nf3+ 16. Bxf3 gxf3 17. Qf2 Qh4+ 0-1

[Event "1617LLO"]
[Site "Mecklenburg-Vorpommern"]
[Date "2017.03.19"]
[Round "7.4"]
[White "Ivanov, Sergey V"]
[Black "Vlach, Michael"]
[Result "1-0"]
[WhiteElo "1735"]
[BlackElo "1583"]
[PlyCount "43"]
[EventDate "2016.11.06"]
[EventType "team-tourn"]
[EventRounds "9"]
[SourceDate "2016.10.16"]
[WhiteTeam "HSG Uni Rostock"]
[BlackTeam "FHSG Stralsund II"]

1. c4 Nf6 2. Nc3 g6 3. g3 c5 4. Bg2 Nc6 5. a3 Bg7 6. Nf3 O-O 7. O-O e6 8. Rb1
d5 9. cxd5 exd5 10. b4 Bf5 11. d3 c4 12. b5 Ne7 13. Nh4 cxd3 14. Nxf5 Nxf5 15.
Qxd3 d4 16. Ne4 Qb6 17. Nxf6+ Bxf6 18. a4 Rac8 19. Bd2 Rc7 20. a5 Qe6 21. b6
axb6 22. Rxb6 1-0

[Event "1617LLO"]
[Site "Mecklenburg-Vorpommern"]
[Date "2017.03.19"]
[Round "7.5"]
[White "Klinger, Clemens"]
[Black "Sager, Bernd"]
[Result "1/2-1/2"]
[WhiteElo "1566"]
[BlackElo "1795"]
[PlyCount "61"]
[EventDate "2016.11.06"]
[EventType "team-tourn"]
[EventRounds "9"]
[SourceDate "2016.10.16"]
[WhiteTeam "FHSG Stralsund II"]
[BlackTeam "HSG Uni Rostock"]

1. e4 c5 2. Nf3 e6 3. d4 cxd4 4. Nxd4 a6 5. Nc3 Qc7 6. Bd3 Nc6 7. Nxc6 bxc6 8.
O-O Ne7 9. Be3 Rb8 10. Rb1 Ng6 11. f4 Bb4 12. Ne2 O-O 13. Kh1 d5 14. a3 Bd6 15.
c4 dxe4 16. Bxe4 c5 17. Qc2 Bb7 18. Bxb7 Rxb7 19. f5 exf5 20. Qxf5 Re8 21. Nc3
Re5 22. Qf2 Rh5 23. h3 Qc6 24. Nd5 Ne5 25. Qe2 Rh4 26. b3 Qd7 27. Bf4 f6 28.
Qf2 Ng6 29. Bxd6 Qxd6 30. Qe3 Rd4 31. Qe8+ 1/2-1/2

[Event "1617LLO"]
[Site "Mecklenburg-Vorpommern"]
[Date "2017.03.19"]
[Round "7.6"]
[White "Schroeder, Christian"]
[Black "Boettner, Oliver"]
[Result "0-1"]
[WhiteElo "1751"]
[BlackElo "1412"]
[PlyCount "128"]
[EventDate "2016.11.06"]
[EventType "team-tourn"]
[EventRounds "9"]
[SourceDate "2016.10.16"]
[WhiteTeam "HSG Uni Rostock"]
[BlackTeam "FHSG Stralsund II"]

1. c4 c5 2. g3 g6 3. Bg2 Bg7 4. Nf3 Nf6 5. d4 cxd4 6. Nxd4 O-O 7. e4 Nc6 8. Nc3
Nxe4 9. Be3 Nxc3 10. bxc3 d6 11. O-O Bd7 12. Rb1 Qc7 13. Nb5 Qa5 14. c5 Bf5 15.
Rb2 dxc5 16. Qb3 a6 17. Na3 Bxc3 18. Nc4 Qb4 19. Bxc5 Qxc5 20. Qxc3 b5 21. Qe3
Qxc4 22. Rc1 Qd4 23. Qxd4 Nxd4 24. Bxa8 Rxa8 25. Rc7 e6 26. f4 Rd8 27. Kf2 f6
28. Re7 Rd6 29. a4 e5 30. axb5 axb5 31. Ke3 Nc6 32. Rc7 exf4+ 33. gxf4 Rd3+ 34.
Kf2 Nd4 35. Ra2 Be4 36. Raa7 Nc6 37. Rg7+ Kf8 38. Raf7+ Ke8 39. Rxf6 h5 40. Rc7
Rc3 41. Rb7 Nd4 42. Rbf7 b4 43. Rf8+ Kd7 44. R8f7+ Kc8 45. Re7 Rf3+ 46. Ke1
Re3+ 47. Kd2 Re2+ 48. Kc1 Re1+ 49. Kb2 Rb1+ 50. Ka2 b3+ 51. Ka3 Ra1+ 52. Kb2
Rb1+ 53. Kc3 Nb5+ 54. Kb4 Nc7 55. Rxe4 Nd5+ 56. Ka3 Nxf6 57. Re6 Nd7 58. Rxg6
Kc7 59. f5 Nc5 60. f6 Ra1+ 61. Kb2 Ra2+ 62. Kb1 Ne4 63. Rg7+ Kd6 64. Rb7 Nc3+
0-1

[Event "1617LLO"]
[Site "Mecklenburg-Vorpommern"]
[Date "2017.03.19"]
[Round "7.7"]
[White "Jabbusch, Burkhard"]
[Black "Hantel, Thomas"]
[Result "1/2-1/2"]
[WhiteElo "1587"]
[BlackElo "1648"]
[PlyCount "32"]
[EventDate "2016.11.06"]
[EventType "team-tourn"]
[EventRounds "9"]
[SourceDate "2016.10.16"]
[WhiteTeam "FHSG Stralsund II"]
[BlackTeam "HSG Uni Rostock"]

1. f4 d5 2. Nf3 c5 3. e3 Nf6 4. Be2 e6 5. d3 Bd6 6. O-O O-O 7. h3 Nc6 8. Nbd2
e5 9. fxe5 Nxe5 10. Nxe5 Bxe5 11. Bf3 Qc7 12. Re1 Re8 13. Nf1 Bg3 14. Re2 Be6
15. Bd2 Rad8 16. Be1 Bxe1 1/2-1/2

[Event "1617LLO"]
[Site "Mecklenburg-Vorpommern"]
[Date "2017.03.19"]
[Round "7.1"]
[White "Lange, Jannis"]
[Black "Otto, Martin"]
[Result "1/2-1/2"]
[WhiteElo "1778"]
[BlackElo "1818"]
[PlyCount "114"]
[EventDate "2016.11.06"]
[EventType "team-tourn"]
[EventRounds "9"]
[SourceDate "2016.10.16"]
[WhiteTeam "Motor Wolgast"]
[BlackTeam "SAV Torgelow-Droegeheide II"]

1. e4 e6 2. Qe2 Be7 3. d3 b6 4. Nf3 Bb7 5. Nbd2 d6 6. g3 Nd7 7. Bg2 e5 8. O-O
h5 9. h4 Bf6 10. Nc4 Nf8 11. Ng5 Qe7 12. Bh3 Ne6 13. Nxe6 fxe6 14. Ne3 Bc6 15.
Ng2 Bd7 16. c3 O-O-O 17. Rd1 Nh6 18. a4 Nf7 19. a5 b5 20. d4 g5 21. hxg5 Nxg5
22. Bxg5 Bxg5 23. dxe5 dxe5 24. Rd3 Rdg8 25. Rad1 Bc6 26. f3 h4 27. g4 Qc5+ 28.
Qf2 Qxf2+ 29. Kxf2 Rd8 30. Ne1 Rdf8 31. Kg1 Rf7 32. b4 Rhf8 33. Kh2 Bf4+ 34.
Kg1 Bg3 35. Kg2 Bf4 36. Nc2 Bg5 37. Re1 Rd7 38. Rxd7 Kxd7 39. Rd1+ Ke7 40. Na1
Rd8 41. Rxd8 Kxd8 42. Nb3 Ke7 43. Kf2 Kd7 44. Nc1 Be7 45. Bf1 Bg5 46. Nb3 Kd8
47. Ke2 Bh6 48. Nd2 Bd7 49. Kd1 Be3 50. Nb3 Be8 51. Ke2 Bh6 52. Nc5 Bf8 53. Nd3
Bh6 54. Bh3 Bg5 55. Nc5 Ke7 56. Bg2 Bd7 57. Nxd7 Kxd7 1/2-1/2

[Event "1617LLO"]
[Site "Mecklenburg-Vorpommern"]
[Date "2017.03.19"]
[Round "7.2"]
[White "Kilp, Gunnar"]
[Black "Reinke, Thomas"]
[Result "0-1"]
[WhiteElo "1664"]
[BlackElo "1876"]
[PlyCount "46"]
[EventDate "2016.11.06"]
[EventType "team-tourn"]
[EventRounds "9"]
[SourceDate "2016.10.16"]
[WhiteTeam "SAV Torgelow-Droegeheide II"]
[BlackTeam "Motor Wolgast"]

1. d4 f5 2. c4 Nf6 3. Nc3 g6 4. e3 e6 5. g3 Bg7 6. Bg2 c6 7. Nge2 O-O 8. O-O e5
9. e4 Nxe4 10. Nxe4 fxe4 11. Bxe4 d5 12. cxd5 cxd5 13. Bg2 e4 14. Nc3 Nc6 15.
Be3 Be6 16. f3 exf3 17. Bxf3 Qd7 18. Qd2 Rf7 19. Bg2 Raf8 20. Rxf7 Rxf7 21. Rf1
Re7 22. Ne2 Bf5 23. Nc3 Rxe3 0-1

[Event "1617LLO"]
[Site "Mecklenburg-Vorpommern"]
[Date "2017.03.19"]
[Round "7.3"]
[White "Rosin, Ralf"]
[Black "Kilp, Andreas"]
[Result "1-0"]
[WhiteElo "1755"]
[BlackElo "1701"]
[PlyCount "92"]
[EventDate "2016.11.06"]
[EventType "team-tourn"]
[EventRounds "9"]
[SourceDate "2016.10.16"]
[WhiteTeam "Motor Wolgast"]
[BlackTeam "SAV Torgelow-Droegeheide II"]

1. d4 d5 2. Nf3 Nf6 3. c4 e6 4. Nc3 dxc4 5. e3 Be7 6. Bxc4 O-O 7. O-O Nbd7 8.
Re1 Nb6 9. Bb3 c5 10. e4 cxd4 11. Qxd4 Qxd4 12. Nxd4 Bb4 13. Bg5 Bxc3 14. bxc3
Nfd7 15. Rad1 Nc5 16. Be7 Nxb3 17. axb3 Re8 18. Bc5 Rd8 19. Nb5 Rxd1 20. Rxd1
Bd7 21. Nxa7 Rxa7 22. Bxb6 Ra8 23. f3 Bc6 24. c4 Kf8 25. h4 Ke8 26. Kf2 Ra2+
27. Kg3 Rb2 28. Rd3 f6 29. Bc5 b5 30. Bd6 bxc4 31. bxc4 Rc2 32. c5 Bb5 33. Rd1
Be2 34. Ra1 Bb5 35. h5 f5 36. Ra8+ Kd7 37. Ra7+ Ke8 38. Rxg7 fxe4 39. fxe4 Bf1
40. Kh2 Bd3 41. Rxh7 Bxe4 42. Rg7 Rf2 43. Kh3 Rf5 44. g4 Rf1 45. Kh4 Rh1+ 46.
Kg5 Rg1 1-0

[Event "1617LLO"]
[Site "Mecklenburg-Vorpommern"]
[Date "2017.03.19"]
[Round "7.4"]
[White "Bollnow, Alex"]
[Black "Klotzsche, Stefan"]
[Result "0-1"]
[WhiteElo "1592"]
[BlackElo "1753"]
[PlyCount "72"]
[EventDate "2016.11.06"]
[EventType "team-tourn"]
[EventRounds "9"]
[SourceDate "2016.10.16"]
[WhiteTeam "SAV Torgelow-Droegeheide II"]
[BlackTeam "Motor Wolgast"]

1. e4 d6 2. d4 Nf6 3. Nc3 e5 4. dxe5 dxe5 5. Bg5 c6 6. Qxd8+ Kxd8 7. Nf3 Bd6 8.
O-O-O Ke7 9. Bc4 Be6 10. Bxe6 Kxe6 11. Bh4 h6 12. h3 Nbd7 13. a3 a5 14. Bg3 b5
15. Rhe1 Rhb8 16. Kd2 Nc5 17. Ke3 Ncd7 18. Nd2 g5 19. a4 Bb4 20. axb5 Bxc3 21.
bxc3 cxb5 22. f3 a4 23. Ra1 Ne8 24. h4 Nd6 25. Reb1 f5 26. Bf2 f4+ 27. Ke2 Ra6
28. hxg5 hxg5 29. Rh1 Rba8 30. Rh6+ Nf6 31. g3 fxg3 32. Bxg3 Rc6 33. Ra3 b4 34.
cxb4 Rxc2 35. Be1 Nb5 36. Rxa4 Rc1 0-1

[Event "1617LLO"]
[Site "Mecklenburg-Vorpommern"]
[Date "2017.03.19"]
[Round "7.5"]
[White "Schellner, Ulf"]
[Black "Schmekel, Felix"]
[Result "0-1"]
[WhiteElo "1630"]
[BlackElo "1641"]
[PlyCount "42"]
[EventDate "2016.11.06"]
[EventType "team-tourn"]
[EventRounds "9"]
[SourceDate "2016.10.16"]
[WhiteTeam "Motor Wolgast"]
[BlackTeam "SAV Torgelow-Droegeheide II"]

1. d4 g6 2. c4 Bg7 3. Nc3 d6 4. e4 Nd7 5. Nf3 e5 6. d5 h6 7. Be2 Ne7 8. O-O O-O
9. Ne1 f5 10. exf5 Nxf5 11. Nf3 Nf6 12. Nd2 a6 13. Nde4 Nxe4 14. Nxe4 Qh4 15.
Qd3 Nd4 16. Ng3 Kh7 17. Be3 e4 18. Qd2 Nf3+ 19. gxf3 exf3 20. Kh1 fxe2 21. Qxe2
Bh3 0-1

[Event "1617LLO"]
[Site "Mecklenburg-Vorpommern"]
[Date "2017.03.19"]
[Round "7.6"]
[White "Greinert, Timo"]
[Black "Zimmermann, Frank"]
[Result "1-0"]
[WhiteElo "1805"]
[BlackElo "1622"]
[PlyCount "101"]
[EventDate "2016.11.06"]
[EventType "team-tourn"]
[EventRounds "9"]
[SourceDate "2016.10.16"]
[WhiteTeam "SAV Torgelow-Droegeheide II"]
[BlackTeam "Motor Wolgast"]

1. c4 e5 2. Nc3 Nf6 3. g3 Be7 4. Bg2 O-O 5. e3 d6 6. Nge2 Nc6 7. a3 Be6 8. d3
Qc8 9. h3 Rb8 10. b4 e4 11. Nxe4 Nxe4 12. Bxe4 Bxh3 13. Nf4 Bf5 14. Bxf5 Qxf5
15. Bb2 Ne5 16. e4 Qg4 17. Qxg4 Nxg4 18. Nd5 Bd8 19. f3 Ne5 20. Ke2 c6 21. Ne3
Bf6 22. d4 Nd7 23. Ng4 Rfe8 24. Rh5 g6 25. Rh2 Bg7 26. Rah1 h5 27. Ne3 f6 28.
Kd3 Kf7 29. g4 hxg4 30. Nxg4 Rh8 31. d5 Rxh2 32. Rxh2 Rh8 33. Rxh8 Bxh8 34.
dxc6 bxc6 35. b5 c5 36. a4 Bg7 37. Ne3 Ke7 38. a5 Kd8 39. Nd5 g5 40. Ke3 Ne5
41. Bxe5 fxe5 42. Kf2 Kc8 43. Kg3 Kd7 44. Kg4 Kc8 45. Kxg5 Kb7 46. Kg6 Bf8 47.
Kf7 Bh6 48. Ke6 Bd2 49. a6+ Kc8 50. Kxd6 Ba5 51. Kxe5 1-0

[Event "1617LLO"]
[Site "Mecklenburg-Vorpommern"]
[Date "2017.03.19"]
[Round "7.7"]
[White "Reimer, Karl"]
[Black "Schmekel, Matthias"]
[Result "0-1"]
[WhiteElo "1573"]
[BlackElo "1527"]
[PlyCount "90"]
[EventDate "2016.11.06"]
[EventType "team-tourn"]
[EventRounds "9"]
[SourceDate "2016.10.16"]
[WhiteTeam "Motor Wolgast"]
[BlackTeam "SAV Torgelow-Droegeheide II"]

1. c4 f5 2. d4 Nf6 3. g3 g6 4. Bg2 Bg7 5. Nf3 O-O 6. O-O d6 7. Nc3 Qe8 8. Bf4
Nh5 9. Bd2 e5 10. dxe5 dxe5 11. e4 f4 12. Nd5 Rf7 13. Qc2 c6 14. Nb4 Qe7 15.
Rad1 Bg4 16. h3 Bxf3 17. Bxf3 fxg3 18. Bxh5 gxf2+ 19. Rxf2 Rxf2 20. Kxf2 Qh4+
21. Kg2 Qxh5 22. Be3 Qh4 23. Qd3 Bf8 24. Nc2 Na6 25. c5 Kh8 26. b4 Be7 27. Bf2
Qg5+ 28. Qg3 Qf6 29. a3 Qe6 30. Ne1 Rf8 31. Be3 Bf6 32. Rd6 Qe7 33. Nf3 Nc7 34.
Qg4 Qf7 35. Rd7 Qa2+ 36. Bd2 Ne6 37. Rxb7 h5 38. Qg3 Nf4+ 39. Kh2 Rd8 40. Qf2
Bh4 41. Qf1 Rd3 42. Nxh4 Qxd2+ 43. Ng2 Rxh3+ 44. Kg1 Qd4+ 45. Qf2 Rh1+ 0-1